00181nam a2200073Ia 4500008004100000082000800041100001600049245004200065240331s9999 xx 000 0 und d bSAM aSamuel, G.J 0aPanpattuk kalappum ilakkiya orumaiyum